| 000 | 01025nam a2200289 a 4500 | ||
|---|---|---|---|
| 001 | 26522 | ||
| 003 | CO-ViMGA | ||
| 005 | 20230915224034.0 | ||
| 008 | 141112s2004 ck r 000 u spa d | ||
| 020 | _a9789681646936 | ||
| 035 | _aAGR6208 LA | ||
| 040 |
_aCO-ViMGA _bspa _cCO-ViMGA |
||
| 041 | _aspa eng | ||
| 043 | _ae - uk - en | ||
| 090 | _aC TOW1 | ||
| 100 | 1 |
_aTownson, Hazel. _95876 |
|
| 245 | 1 | 0 |
_aVíboras vivas / _cHazel Townson ; ilustraciones de Tony Ross ; traducción de Joaquín Diez Canedo. |
| 260 |
_aMéxico : _bFondo de Cultura Económica |
||
| 300 | _a64 p. : il. ; 19 cm. | ||
| 490 | _aA la orilla del viento. para los que están aprendiendo a leer ; 64 | ||
| 650 | 1 | 4 | _aCUENTOS INFANTILES INGLESES |
| 700 | 1 |
_aDíez Canedo, Joaquín, tr. _95877 |
|
| 700 | 1 |
_aRoss, Tony, 1938 - , il. _95878 |
|
| 942 |
_2ddc _cBK |
||
| 999 |
_c11033 _d11033 |
||